Mis memorias / (Record no. 67839)
[ view plain ]
| 000 -LEADER | |
|---|---|
| campo de control de longitud fija | 00440nam a2200157 i 4500 |
| 001 - NÚMERO DE CONTROL | |
| campo de control | 67839 |
| 003 - IDENTIFICADOR DE NÚMERO DE CONTROL | |
| campo de control | ES-MaACL |
| 005 - FECHA Y HORA DE LA ÚLTIMA TRANSACCIÓN | |
| campo de control | 20230906170146.0 |
| 007 - CAMPO FIJO DE DESCRIPCIÓN FÍSICA--INFORMACIÓN GENERAL | |
| campo de control de longitud fija | t| |
| 008 - DATOS DE LONGITUD FIJA--INFORMACIÓN GENERAL | |
| campo de control de longitud fija | 040206s1971 sp ||||1| spa d |
| 100 1# - ENTRADA PRINCIPAL--NOMBRE DE PERSONA | |
| Nombre de persona | Gallart Folch, José. |
| 9 (RLIN) | 53514 |
| 245 10 - MENCIÓN DEL TÍTULO | |
| Título | Mis memorias / |
| Mención de responsabilidad, etc. | José Gallart Folch. |
| 260 ## - PUBLICACIÓN, DISTRIBUCIÓN, ETC. | |
| Lugar de publicación, distribución, etc. | Barcelona : |
| Nombre del editor, distribuidor, etc. | [s.n., |
| Fecha de publicación, distribución, etc. | 1971] ( |
| Fabricante | Elite Gráf.) |
| 300 ## - DESCRIPCIÓN FÍSICA | |
| Extensión | 286 p., 21 lám. ; |
| Dimensiones | 28 cm. |
| 852 ## - LOCALIZACIÓN | |
| Ubicación | ES-MaACL |
| Número de control de estantería | C-43408 |
| Sublocalización o colección | R.80237 |
| Estatus retirado | Estado de pérdida | Estado de daño | No para préstamo | Biblioteca de origen | Biblioteca actual | Ubicación en estantería | Fecha de adquisición | Fuente de adquisición | Total de préstamos | Signatura topográfica completa | Código de barras | Visto por última vez | Precio de reemplazo | Tipo de ítem Koha |
|---|---|---|---|---|---|---|---|---|---|---|---|---|---|---|
| Biblioteca del Ateneo de Madrid | Biblioteca del Ateneo de Madrid | Depósito 2 | 17/01/2008 | C-43408 | 1071023 | 23/02/2023 | 23/02/2023 | Libro impreso |
